[Event "Mittelfrankenliga-B2a 0607"]
[Site "Mittelfranken"]
[Date "2007.05.06"]
[Round "9.8"]
[White "Preisser, Reinhard"]
[Black "Schad, Gerhard"]
[Result "0-1"]
[WhiteElo "1707"]
[BlackElo "1632"]
[PlyCount "82"]
[EventDate "2006.10.22"]
[EventType "team-tourn"]
[EventRounds "9"]
[EventCountry "GER"]
[SourceTitle "EXT 2011"]
[Source "ChessBase"]
[SourceDate "2010.11.26"]
[SourceVersion "1"]
[SourceVersionDate "2010.11.26"]
[SourceQuality "1"]
[WhiteTeam "Altensittenbach II"]
[BlackTeam "Neustadt"]
[WhiteTeamCountry "GER"]
[BlackTeamCountry "GER"]

1. e4 c6 2. d4 d5 3. exd5 cxd5 4. Bd3 Nc6 5. c3 Nf6 6. Bf4 Bg4 7. f3 Bd7 8. Ne2 e6 9. 0-0 Qb6 10. Qb3 Bb4 11. Kh1 Ba5 12. Nd2 0-0 13. Qa3 Qd8 14. b4 Bc7 15. Bxc7 Qxc7 16. Rac1 Qd6 17. Qb2 a6 18. a4 Ne7 19. b5 Ng6 20. c4 Nf4 21. Nxf4 Qxf4 22. c5 axb5 23. Bxb5 Bxb5 24. axb5 Ra4 25. Nb3 Rb4 26. b6 Qe3 27. Qc3 Rxb3 28. Qxe3 Rxe3 29. c6 bxc6 30. Rxc6 Rb3 31. Rfc1 Nd7 32. Rc7 Nxb6 33. Rb7 g6 34. h3 Rb2 35. Rcc7 Nc4 36. Ra7 Rd2 37. Kh2 Ne3 38. Kg3 Rxg2+ 39. Kf4 Nf5 40. Ke5 Kg7 41. Kf4 g5+ 0-1

[Event "Mittelfrankenliga-B2a 0607"]
[Site "Mittelfranken"]
[Date "2007.01.14"]
[Round "4.7"]
[White "Schad, Gerhard"]
[Black "Schlor, Michael"]
[Result "0-1"]
[WhiteElo "1632"]
[BlackElo "1840"]
[PlyCount "54"]
[EventDate "2006.10.22"]
[EventType "team-tourn"]
[EventRounds "9"]
[EventCountry "GER"]
[SourceTitle "EXT 2011"]
[Source "ChessBase"]
[SourceDate "2010.11.26"]
[SourceVersion "1"]
[SourceVersionDate "2010.11.26"]
[SourceQuality "1"]
[WhiteTeam "Neustadt"]
[BlackTeam "Neumarkt"]
[WhiteTeamCountry "GER"]
[BlackTeamCountry "GER"]

1. e4 e5 2. Nc3 Bc5 3. Nf3 d6 4. Na4 Bb6 5. Nxb6 axb6 6. Bc4 Bg4 7. d3 Nc6 8. Bxf7+ Kxf7 9. Ng5+ Qxg5 10. Bxg5 Bxd1 11. Rxd1 Rxa2 12. Rb1 Nf6 13. 0-0 Nb4 14. f4 c5 15. fxe5 dxe5 16. Rf2 Re8 17. h3 Re6 18. g4 h6 19. Bh4 g5 20. Bg3 Kg6 21. Rbf1 Nc6 22. c3 c4 23. Bxe5 Nxe5 24. d4 Nd3 25. Rf5 Nxe4 26. Rf8 Nf4 27. h4 Rxb2 0-1